000 00646nab a2200193 4500
001 244442
003 OSt
005 20230807112238.0
007 tu
008 200917s2020|||||||
040 _aDE-2950
_cDE-2950
245 0 0 _aAuf zu neuen Ufern
_cInes Weber-Rath
_bGesellschaft. Nach fast 24 Jahren in Frankfurt (Oder) und Lebus will die unkonventionelle und Beliebte Pfarrerin Katharina Falkenhagen andere Wege gehen/
264 _c2023
653 _aFrankfurt (Oder)
653 _aKirche
653 _aKatharina Falkenhagen
773 0 _g34. Jahrgang (2023) Nr. 177 vom 01.08.2023, S. 15, mit Foto
_tMärkische Oderzeitung
942 _2z
_cA
999 _c372665
_d372665